[Event "Satka Summer op"]
[Site "Satka"]
[Date "2013.07.07"]
[Round "7"]
[White "Litvinenko, Ekaterina"]
[Black "Kurshev, Nikita"]
[Result "1-0"]
[WhiteElo "1933"]
[BlackElo "1822"]
[PlyCount "99"]
[EventDate "2013.07.02"]
[EventType "swiss"]
[EventRounds "9"]
[EventCountry "RUS"]
[SourceTitle "EXT 2014"]
[Source "ChessBase"]
[SourceDate "2013.11.20"]
[SourceVersion "1"]
[SourceVersionDate "2013.11.20"]
[SourceQuality "1"]

1. e4 e6 2. d4 d5 3. e5 c5 4. c3 Qb6 5. Nf3 Bd7 6. a3 a5 7. Bd3 c4 8. Bc2 a4 9. Ng5 Be7 10. Qg4 Bxg5 11. Qxg5 g6 12. h4 h5 13. Bxg6 fxg6 14. Qxg6+ Kf8 15. Rh3 Be8 16. Rf3+ Ke7 17. Qg7+ Kd8 18. Qxh8 Ne7 19. Rf8 Qc6 20. Bg5 Qd7 21. Bxe7+ Qxe7 22. Qf6 Nc6 23. Nd2 b5 24. g4 hxg4 25. h5 Ra7 26. h6 Rd7 27. Qxe7+ Rxe7 28. 0-0-0 Rh7 29. Rh1 Ne7 30. Nf1 Nf5 31. Ng3 Rxh6 32. Rxh6 Nxh6 33. Rf6 Nf7 34. Rxe6 Kd7 35. Rf6 Kd8 36. Nf5 Ng5 37. Rf8 Ne6 38. Rg8 Kd7 39. Rxg4 Bh5 40. Rh4 Bg6 41. Ne3 Nc7 42. Rh6 Be4 43. f4 Ne6 44. f5 Nf4 45. Rd6+ Ke7 46. f6+ Kf7 47. Rd7+ Ke8 48. Rb7 Nd3+ 49. Kd2 Nf4 50. e6 1-0

[Event "Satka Summer op"]
[Site "Satka"]
[Date "2013.07.02"]
[Round "1"]
[White "Baigildin, Albert"]
[Black "Kurshev, Nikita"]
[Result "1/2-1/2"]
[WhiteElo "2191"]
[BlackElo "1822"]
[PlyCount "99"]
[EventDate "2013.07.02"]
[EventType "swiss"]
[EventRounds "9"]
[EventCountry "RUS"]
[SourceTitle "EXT 2014"]
[Source "ChessBase"]
[SourceDate "2013.11.20"]
[SourceVersion "1"]
[SourceVersionDate "2013.11.20"]
[SourceQuality "1"]

1. e4 e6 2. d4 d5 3. Nc3 dxe4 4. Nxe4 Nf6 5. Bg5 Nbd7 6. Nf3 Be7 7. Bxf6 Nxf6 8. Ng3 0-0 9. Bd3 b6 10. Qe2 Bb7 11. 0-0-0 Bxf3 12. Qxf3 Qd5 13. Qxd5 Nxd5 14. Rhe1 Rfd8 15. Ne4 Nf6 16. c3 Nxe4 17. Bxe4 Rab8 18. f4 c5 19. d5 exd5 20. Bxd5 Bf6 21. Bc6 Rxd1+ 22. Kxd1 Rd8+ 23. Kc2 h6 24. Re2 Rc8 25. Bb5 Rd8 26. Kb3 Kf8 27. Kc4 Be7 28. g3 h5 29. Ba6 h4 30. Bb7 hxg3 31. hxg3 g5 32. fxg5 Bxg5 33. Kb5 Rd2 34. Rxd2 Bxd2 35. Ka6 Bc1 36. b3 Bd2 37. Kxa7 b5 38. Kb6 b4 39. Kxc5 Bxc3 40. Kc4 Be1 41. g4 f6 42. Kb5 Ke7 43. Ka4 Kd6 44. a3 bxa3 45. Kxa3 Kc7 46. Be4 Kb6 47. b4 Bd2 48. Kb3 Bg5 49. Kc4 Bh4 50. Bd3 1/2-1/2

[Event "Cheliabinsk Kibizov Memorial 6th"]
[Site "Cheliabinsk"]
[Date "2011.06.30"]
[Round "7"]
[White "Kanakin, Konstantin"]
[Black "Kurshev, Nikita"]
[Result "0-1"]
[WhiteElo "1925"]
[BlackElo "1781"]
[PlyCount "92"]
[EventDate "2011.06.24"]
[EventType "swiss"]
[EventRounds "9"]
[EventCountry "RUS"]
[SourceTitle "EXT 2022"]
[Source "ChessBase"]
[SourceDate "2021.10.06"]
[SourceVersion "1"]
[SourceVersionDate "2021.10.06"]
[SourceQuality "1"]

1. d4 d5 2. c4 e6 3. e3 c6 4. Nf3 Nf6 5. Bd3 Nbd7 6. 0-0 Be7 7. b3 0-0 8. Bb2 b6 9. Nbd2 Bb7 10. e4 dxe4 11. Nxe4 Nxe4 12. Bxe4 Nf6 13. Bc2 g6 14. Re1 Nd7 15. Qe2 Bf6 16. Ne5 Qc7 17. f4 Rad8 18. Be4 Bg7 19. Ba3 Rfe8 20. Rad1 Nf6 21. Bf3 h5 22. Kh1 Bf8 23. Bxf8 Rxf8 24. Qe3 Kg7 25. Qc3 Rfe8 26. Qe3 Ba8 27. b4 Bb7 28. Qa3 a6 29. Qc3 Ba8 30. a4 Bb7 31. Qb2 b5 32. cxb5 cxb5 33. Rc1 Qb8 34. Bc6 Re7 35. Bxb7 Qxb7 36. Nc6 Red7 37. Nxd8 Rxd8 38. d5 Qxd5 39. h3 Qd4 40. Qb3 Nd5 41. axb5 axb5 42. Red1 Qxf4 43. Qb2+ Qf6 44. Qe2 Nc3 45. Rxc3 Rxd1+ 46. Qxd1 Qxc3 0-1

[Event "Cheliabinsk Kibizov Memorial 5th"]
[Site "Cheliabinsk"]
[Date "2010.06.29"]
[Round "6"]
[White "Kurshev, Nikita"]
[Black "Shurunov, Andrei"]
[Result "0-1"]
[WhiteElo "1911"]
[BlackElo "1902"]
[PlyCount "152"]
[EventDate "2010.06.24"]
[EventType "swiss"]
[EventRounds "9"]
[EventCountry "RUS"]
[SourceTitle "EXT 2012"]
[Source "ChessBase"]
[SourceDate "2011.11.24"]
[SourceVersion "1"]
[SourceVersionDate "2011.11.24"]
[SourceQuality "1"]

1. d4 Nf6 2. Nf3 e6 3. Bg5 d5 4. e3 Be7 5. c4 0-0 6. Nc3 c6 7. Rc1 Nbd7 8. Bd3 dxc4 9. Bxc4 b5 10. Bb3 Bb7 11. 0-0 a6 12. Bc2 Rc8 13. Ne4 Nxe4 14. Bxe7 Qxe7 15. Bxe4 Nf6 16. Bb1 Rfd8 17. Qe2 h6 18. Rfd1 Rd7 19. Ne5 Rd6 20. h3 Rcd8 21. Rc5 Nd7 22. Nxd7 R6xd7 23. Rdc1 f5 24. Re5 Qf6 25. Rec5 Rd6 26. a3 R8d7 27. Ba2 Kh8 28. f4 g6 29. g3 Kg7 30. Kh2 Kf8 31. Qf3 Rc7 32. Bb1 Ke7 33. Bd3 Kd8 34. Qf1 Kc8 35. a4 Rdd7 36. axb5 axb5 37. Be2 Kd8 38. Bf3 Rd6 39. Qg2 Kd7 40. Be2 Kd8 41. Bf3 Kd7 42. Be2 Rd5 43. Bf3 Rxc5 44. Rxc5 g5 45. b4 Rc8 46. Rc2 Qe7 47. Rc5 Qd6 48. Qc2 gxf4 49. gxf4 Rg8 50. Qf2 Qe7 51. Qc2 Qg7 52. Qf2 Qg6 53. Rc2 Qf6 54. Rc1 Qe7 55. Rc5 Ra8 56. Qb2 Ra4 57. Bd1 Ra8 58. Bb3 Rg8 59. Qf2 Qf6 60. Bd1 Qg6 61. Bf3 Qf7 62. Rc2 Qe7 63. Rc5 Rc8 64. Bd1 Ra8 65. Bb3 h5 66. h4 Ra1 67. Re5 Qxb4 68. Bxe6+ Kc7 69. Bxf5 Qb3 70. Rc5 Qd1 71. Be4 b4 72. Rc2 b3 73. Rb2 Bc8 74. Bf3 Qd3 75. Rd2 Qf5 76. e4 Qh3# 0-1